LIBRARY & INFORMATION CENTRE, KCAET, TAVANUR

ONLINE PUBLIC ACCESS CATALOGUE (OPAC)

Protein Nanotechnology: protocols, Instrumentation, and Applications (Record no. 14216)

MARC details
000 -LEADER
fixed length control field 00392nam a22001457a 4500
020 ## - INTERNATIONAL STANDARD BOOK NUMBER
ISBN 9781627033534
082 ## - DEWEY DECIMAL CLASSIFICATION NUMBER
Classification number 620.5
Item number GER/PR
100 ## - MAIN ENTRY--AUTHOR NAME
Personal name Gerrard, Juliet. A
245 ## - TITLE STATEMENT
Title Protein Nanotechnology: protocols, Instrumentation, and Applications
250 ## - EDITION STATEMENT
Edition statement 2
260 ## - PUBLICATION, DISTRIBUTION, ETC. (IMPRINT)
Place of publication New York
Name of publisher Humana Press
Year of publication 2013
300 ## - PHYSICAL DESCRIPTION
Number of Pages 371
490 ## - SERIES STATEMENT
Series statement Methods in Molecular Biology 996
942 ## - ADDED ENTRY ELEMENTS (KOHA)
Koha item type Books
Holdings
Withdrawn status Lost status Damaged status Collection code Home library Current library Shelving location Date acquired Source of acquisition Cost, normal purchase price Full call number Accession Number Koha item type
        KAUAET KAUAET General Stacks 04/06/2016 SouthernBook Center, Tvm 8249.25 620.5 GER/PR 24917 Books
free website counter